Pre test:Behavioral Sciences. (Record no. 4788)

MARC details
000 -LEADER
fixed length control field 00535nam a22002057a 4500
003 - CONTROL NUMBER IDENTIFIER
control field OSt
005 - DATE AND TIME OF LATEST TRANSACTION
control field 20160719171718.0
008 - FIXED-LENGTH DATA ELEMENTS--GENERAL INFORMATION
fixed length control field 160719b xxu||||| |||| 00| 0 eng d
020 ## - INTERNATIONAL STANDARD BOOK NUMBER
International Standard Book Number 0070526893
040 ## - CATALOGING SOURCE
Transcribing agency DNLM.
082 ## - DEWEY DECIMAL CLASSIFICATION NUMBER
Classification number WB18B395 1999.
100 ## - MAIN ENTRY--PERSONAL NAME
Personal name Pattishall,G.Evan;
9 (RLIN) 10301
245 ## - TITLE STATEMENT
Title Pre test:Behavioral Sciences.
250 ## - EDITION STATEMENT
Edition statement 8th ed.
260 ## - PUBLICATION, DISTRIBUTION, ETC. (IMPRINT)
Place of publication, distribution, etc. New York.
Name of publisher, distributor, etc. McGraw-Hill.
Date of publication, distribution, etc. 1999.
300 ## - PHYSICAL DESCRIPTION
Extent 321p;
Other physical details ill;
Dimensions 20cm.
504 ## - BIBLIOGRAPHY, ETC. NOTE
Bibliography, etc includes bibliography.
650 ## - SUBJECT ADDED ENTRY--TOPICAL TERM
Topical term or geographic name as entry element Behavioral Sciences.
9 (RLIN) 10302
942 ## - ADDED ENTRY ELEMENTS (KOHA)
Source of classification or shelving scheme Other/Generic Classification Scheme
Koha item type Open Shelf
Holdings
Withdrawn status Lost status Source of classification or shelving scheme Damaged status Not for loan Home library Current library Date acquired Source of acquisition Inventory number Total Checkouts Full call number Barcode Date last seen Price effective from Koha item type
    Other/Generic Classification Scheme     MUST Main Library MUST Main Library 19/07/2016   03/18259   WB18B395 1999. 2016-3287 19/07/2016 19/07/2016 Open Shelf